| 000 | 00476nam a22001577a 4500 | ||
|---|---|---|---|
| 003 | OSt | ||
| 005 | 20250515115542.0 | ||
| 008 | 250430b |||||||| |||| 00| 0 eng d | ||
| 020 | _a9780801440694 | ||
| 040 | _cRDA | ||
| 100 |
_aCULPEPPER,PEEPER D., _eauthor _9753508 |
||
| 245 |
_aCREATING COOPERATION: _bHow States Develop Human Capital in Europe _cby Pepper D. Culpepper |
||
| 260 |
_aLONDON,UK: _bCORNELL UNIVERSITY, _c2003 |
||
| 300 | _axvi,239p. | ||
| 942 |
_2CC _cGB _n0 _e1 |
||
| 999 |
_c1309790 _d1309790 |
||